000 00653cam a2200229 4500
008 090401t1996 xxu||||| |||| 00| 0 eng d
020 _a1860810861
035 _a(Sirsi) u61150
041 _aeng
050 _a690
110 _aBuilding Research Establishment
245 _aReducing the risk of pest infections in buildings.
260 _aGarston, Watford
_bBuilding Research Establishment
_c1996
300 _a12p. ; 30cm.
350 _a0
490 _aBRE Digest
_v415
650 _aBUILT ENVIRONMENT-CONSTRUCTION DESIGN
650 _aPEST CONTROL
690 _aBUILT ENVIRONMENT-BUILDING PATHOLOGY
942 _n0
948 _c04/03/1997
999 _c94296
_d94296